EURASIP Journal on Embedded Systems (Запис № 463146)

МАРК-запис
000 -LEADER
fixed length control field 01642nas a22003255i 4500
001 - CONTROL NUMBER
control field 1687-3963
003 - CONTROL NUMBER IDENTIFIER
control field DE-He213
005 - DATE AND TIME OF LATEST TRANSACTION
control field 20220321111440.0
007 - PHYSICAL DESCRIPTION FIXED FIELD--GENERAL INFORMATION
fixed length control field cr nn 008mamaa
008 - FIXED-LENGTH DATA ELEMENTS--GENERAL INFORMATION
fixed length control field 150723s||||||||sz uu poo|||||| b|EN |d
022 ## - INTERNATIONAL STANDARD SERIAL NUMBER
International Standard Serial Number 1687-3963
024 7# - OTHER STANDARD IDENTIFIER
Standard number or code 10.1007/13639.1687-3963
Source of number or code doi
210 10 - ABBREVIATED TITLE
Abbreviated title J Embedded Systems
245 10 - TITLE STATEMENT
Title EURASIP Journal on Embedded Systems
Medium [electronic resource] /
Statement of responsibility, etc edited by Leonel Sousa.
264 #1 -
-- Cham :
-- Springer International Publishing :
-- Imprint: Springer.
300 ## - PHYSICAL DESCRIPTION
Other physical details online resource.
520 ## - SUMMARY, ETC.
Summary, etc EURASIP Journal on Embedded Systems will cease to be published by SpringerOpen and no longer is accepting submissions. You may wish to submit to another SpringerOpen journal. Please visit the SpringerOpen website for a complete list of our journals. SpringerOpen will continue to host an archive of all articles previously published in the journal and all articles published in EURASIP Journal on Embedded Systems during its time with SpringerOpen will remain fully searchable via the SpringerOpen website.
650 #0 - SUBJECT ADDED ENTRY--TOPICAL TERM
Topical term or geographic name as entry element Signal processing.
650 #0 - SUBJECT ADDED ENTRY--TOPICAL TERM
Topical term or geographic name as entry element Electronic circuits.
650 #0 - SUBJECT ADDED ENTRY--TOPICAL TERM
Topical term or geographic name as entry element Microprogramming .
650 #0 - SUBJECT ADDED ENTRY--TOPICAL TERM
Topical term or geographic name as entry element Electronic circuits.
650 14 - SUBJECT ADDED ENTRY--TOPICAL TERM
Topical term or geographic name as entry element Signal, Speech and Image Processing.
650 24 - SUBJECT ADDED ENTRY--TOPICAL TERM
Topical term or geographic name as entry element Electronic Circuits and Systems.
650 24 - SUBJECT ADDED ENTRY--TOPICAL TERM
Topical term or geographic name as entry element Control Structures and Microprogramming.
650 24 - SUBJECT ADDED ENTRY--TOPICAL TERM
Topical term or geographic name as entry element Electronic Circuits and Systems.
700 1# - ADDED ENTRY--PERSONAL NAME
Personal name Sousa, Leonel.
Relator term editor.
Relator code edt
-- http://id.loc.gov/vocabulary/relators/edt
710 2# - ADDED ENTRY--CORPORATE NAME
Corporate name or jurisdiction name as entry element SpringerLink (Online service)
856 40 - ELECTRONIC LOCATION AND ACCESS
Uniform Resource Identifier <a href="https://doi.org/10.1007/13639.1687-3963">https://doi.org/10.1007/13639.1687-3963</a>
Public note Open Access

Немає доступних примірників.